A. WESLEY POWELL LEARNING RESOURCE CENTRE (WPLRC)

Wonderful Place to Learn, Research & Collaborate

Psychology (Record no. 116)

MARC details
000 -LEADER
fixed length control field 00613nam a22002057a 4500
001 - ACCESSION NUMBER
control field 26127
003 - CONTROL NUMBER IDENTIFIER
control field OSt
005 - DATE AND TIME OF LATEST TRANSACTION
control field 20140909100052.0
008 - FIXED-LENGTH DATA ELEMENTS--GENERAL INFORMATION
fixed length control field 140909b xxu||||| |||| 00| 0 eng d
020 ## - INTERNATIONAL STANDARD BOOK NUMBER
International Standard Book Number 0155021079
040 ## - CATALOGING SOURCE
Original cataloging agency ddc
Transcribing agency ddc
082 ## - DEWEY DECIMAL CLASSIFICATION NUMBER
Classification number 150
100 ## - MAIN ENTRY--PERSONAL NAME
Relator code Van Wallendael,Lori R.
245 ## - TITLE STATEMENT
Title Psychology
Remainder of title Instructor's manual with video instructor's guide to accompany matlin's
Statement of responsibility, etc. Van Wallendael,Lori R.
250 ## - EDITION STATEMENT
Edition statement 2nd ed.
260 ## - PUBLICATION, DISTRIBUTION, ETC. (IMPRINT)
Place of publication, distribution, etc. Philadelphia
Name of publisher, distributor, etc. Harcourt Brace & Company
Date of publication, distribution, etc. 1995
300 ## - PHYSICAL DESCRIPTION
Extent viii,586p.
Other physical details ill
Dimensions 26cm
600 ## - SUBJECT ADDED ENTRY--PERSONAL NAME
Source of heading or term Research methods, Health psychology
Title of a work Psychology
942 ## - ADDED ENTRY ELEMENTS (KOHA)
Source of classification or shelving scheme Dewey Decimal Classification
Koha item type Books
Holdings
Withdrawn status Lost status Source of classification or shelving scheme Damaged status Not for loan Home library Current library Date acquired Total Checkouts Full call number Barcode Date last seen Price effective from Koha item type
    Dewey Decimal Classification   Not For Loan Wesley Powell Learning Resource Centre Wesley Powell Learning Resource Centre 09/09/2014   RBC/150 VAN 26127 09/09/2014 09/09/2014 Books